000 00921nam a2200265Ia 4500
003 OSt
005 20220923211520.0
006 a|||||r|||| 00| 0
007 ta
008 220922b |||||||| |||| 00| 0 san d
020 _a9789380651545 (hbk)
_c2100
024 _a275,535
037 _b52, 10/09/2013, Vidyanidhi Prakashan
_cTextual
040 _aARTS
_cARTS
_bsan
041 _2san
_asan
082 _aQ11:21, 152P4.8
100 _aकम्बोज, जियालाल, संपा.
245 0 _aऋग्वेदसंहिता
246 _aṚugvedasanhitā
260 _aदिल्ली
_b विद्यानिधी प्रकाशन
_c2013
490 _vखण्ड 8
650 _aधर्म
942 _hQ11:21, 152P4.8
_cTEXL
_2CC
999 _c300307
_d300307